Contribution a la theorie generale de l'etat specialement d'apres les données fournies par le droit constitutionnel français / (Record no. 40570)

MARC details
000 -LEADER
campo de control de longitud fija 00551nam a2200157 i 4500
001 - NÚMERO DE CONTROL
campo de control 40570
003 - IDENTIFICADOR DE NÚMERO DE CONTROL
campo de control ES-MaACL
005 - FECHA Y HORA DE LA ÚLTIMA TRANSACCIÓN
campo de control 20230906160247.0
007 - CAMPO FIJO DE DESCRIPCIÓN FÍSICA--INFORMACIÓN GENERAL
campo de control de longitud fija t|
008 - DATOS DE LONGITUD FIJA--INFORMACIÓN GENERAL
campo de control de longitud fija 030306s1920 fr ||||1| fre d
100 1# - ENTRADA PRINCIPAL--NOMBRE DE PERSONA
Nombre de persona Carré de Malberg, R.
9 (RLIN) 35603
245 10 - MENCIÓN DEL TÍTULO
Título Contribution a la theorie generale de l'etat specialement d'apres les données fournies par le droit constitutionnel français /
Mención de responsabilidad, etc. par R. Carre de Malberg.
260 ## - PUBLICACIÓN, DISTRIBUCIÓN, ETC.
Lugar de publicación, distribución, etc. Paris :
Nombre del editor, distribuidor, etc. [s.n.,
Fecha de publicación, distribución, etc. 1920] (
Lugar de fabricación/manufactura Bar-le-Duc :
Fabricante Contant Laguerre)
300 ## - DESCRIPCIÓN FÍSICA
Extensión 2 v. ;
Dimensiones 24 cm.
852 ## - LOCALIZACIÓN
Ubicación ES-MaACL
Número de control de estantería A-50-51
Holdings
Estatus retirado Estado de pérdida Estado de daño No para préstamo Biblioteca de origen Biblioteca actual Ubicación en estantería Fecha de adquisición Fuente de adquisición Total de préstamos Signatura topográfica completa Código de barras Visto por última vez Precio de reemplazo Tipo de ítem Koha
        Biblioteca del Ateneo de Madrid Biblioteca del Ateneo de Madrid Sala Pecera Planta 1 17/01/2008     A-50-51 1042712 23/02/2023 23/02/2023 Libro impreso